000 00658nam a2200205 u 4500
005 20210223131817.0
008 120905s1999 us r 000 0 spa d
020 _a156065788X
035 _aUPN01000186428
049 _aI
050 4 _aSF208
_bB7.8
100 1 _aBrady, Peter,
_d1944-
_933605
245 1 0 _aVacas /
_cPeter Brady ; tr. Martín Luis Guzmán Ferrer.
260 _aMinnesota, EUA :
_bBridgestone Books,
_c1999.
300 _a24 p. :
_bfots.
440 0 _aPrimeros lectores ciencias.
_pAnimales de la granja.
650 4 _aANIMALES DOMESTICOS -
_vLITERATURA INFANTIL
_91347
650 4 _aANIMALES DOMESTICOS -
_xCRIA
_94740
905 _aInfantil
999 _c158531
_d158531